Sensible US Train Station Codes – Northeast - Statistics

General Stats
  • This quiz has been taken 121 times
    118 since last reset
  • The average score is 12 of 21
Answer Stats
Hint Answer % Correct
BOS Boston
100%
DOV Dover
95%
HUD Hudson
95%
POR Portland
93%
ROC Rochester
92%
SYR Syracuse
91%
WOR Worcester
89%
AMS Amsterdam
81%
POU Poughkeepsie
69%
BER Berlin
66%
MYS Mystic
60%
ROM Rome
58%
KIN Kingston
49%
PIT Pittsfield
39%
FRE Freeport
38%
SAR Saratoga Springs
37%
FRA Framingham
30%
BRA Brattleboro
26%
CLA Claremont
16%
RHI Rhinecliff
6%
WOB Woburn (Anderson)
0%
No matching quizzes found
Score Distribution
Percent of People with Each Score
Percentile by Number Answered
Your Score History
You have not taken this quiz since the last reset